000 00318 a2200133 4500
999 _c320471
_d320471
001 85398
003 NUST
005 20180119193820.0
008 180119b xxu||||| |||| 00| 0 eng d
082 _a891.4397 HUS
100 _aAshfaq Hussain
_99148
245 _aGentleman -Alhamdulillah
250 _a19th
260 _aLahore
_bIdara matboaat-e-sulemani
_c2009
300 _a230p.
942 _aNUST-CAE
_cBK
_k891.4397 HUS
_2ddc